Lab manual : (رقم التسجيلة. 21508)
[ عرض عادي ]
| 000 -الفاتح | |
|---|---|
| حقل البيانات ثابتة الطول | 01041cam a2200277 a 4500 |
| 001 - رقم الضبط | |
| رقم الضبط | 000047961289 |
| 003 - محدد رقم الضبط | |
| رقم الضبط | OSt |
| 005 - وقت وتاريخ اخر تعامل مع التسجيلة | |
| رقم الضبط | 20150408114014.0 |
| 008 - عناصر البيانات ثابتة الطول - معلومات عامة | |
| حقل البيانات ثابتة الطول | 100719s2011 njua 000 0 eng d |
| 020 ## - الرقم الدولى المعيارى للكتب | |
| الرقم الدولى المعيارى للكتاب | 9780135123959 (pbk) |
| 020 ## - الرقم الدولى المعيارى للكتب | |
| الرقم الدولى المعيارى للكتاب | 013512395X (pbk) |
| 035 ## - رقم ضبط النظام | |
| رقم ضبط النظام | (OCoLC)728493578 |
| 040 ## - مصدر الفهرسة | |
| وكالة الفهرسة الأصلية | EQO |
| وكالة النسخ | EQO |
| وكالة التعديل | NLE |
| -- | NUWS:W |
| 082 0# - رقم تصنيف ديوى العشرى | |
| رقم التصنيف | 621.381 |
| رقم الطبعة | 22 |
| 100 1# - المدخل الرئيسى - إسم شخصى | |
| الإسم الشخصى | DeLoach, Jim C. |
| 9 (RLIN) | 11732 |
| 245 10 - بيان العنوان | |
| العنوان | Lab manual : |
| بقية العنوان | a troubleshooting approach to accompany Digital systems : principles and applications / |
| بيان المسئوليه,etc | Jim C. DeLoach, Frank J. Ambrosio. |
| 250 ## - بيان الطبعة | |
| بيان الطبعة | 11th ed. |
| 260 ## - PUBLICATION, DISTRIBUTION, ETC. (IMPRINT) | |
| مكان الناشر او الموزع | Upper Saddle River, N.J. ; |
| -- | London : |
| اسم الناشر او الموزع | Pearson Education Ltd., |
| تاريخ النشر أو التوزيع | 2011. |
| 300 ## - الوصف المادى | |
| التعداد | xiii, 682 p. : |
| تفاصيل ماديه اخرى للوعاء | ill. ; |
| أبعاد الوعاء | 28 cm. |
| 500 ## - تبصرة عامة | |
| تبصرة عامة | For use with: Digital systems : principles and applications / Ronald J. Tocci, Neal S Widmer [and] Gregory L. Moss. |
| 500 ## - تبصرة عامة | |
| تبصرة عامة | Includes index. |
| 650 #0 - المدخل الاضافى بالموضوع-مصطلح موضوعى | |
| مصطلح موضوعي أو اسم جغرافي كعنصر مدخل | Digital electronics. |
| 9 (RLIN) | 11733 |
| 700 1# - المدخل الاضافى - اسم شخصى | |
| الإسم الشخصى | Ambrosio, Frank J. |
| 9 (RLIN) | 11734 |
| 700 1# - المدخل الاضافى - اسم شخصى | |
| الإسم الشخصى | Tocci, Ronald J. |
| عنوان العمل | Digital systems. |
| النسخة | 11th ed. |
| 9 (RLIN) | 11735 |
| 942 ## - عناصر المدخل الإضافي( كوها) | |
| مصدر التصنيف او مخطط الترفيف | Dewey Decimal Classification |
| Koha [default] item type | كتاب |
| حالة الفقد | نموذج السعر الفعال | حالة تلف | ليس للاعارة | رقم الطلب | تاريخ الاكتساب | الموقع الحالي | الباركود | الفرع الرئيسي | Date last seen | نوع المادة فى نظام كوها | مصدر التصنيف او خطة الترفيف | Total Checkouts |
|---|---|---|---|---|---|---|---|---|---|---|---|---|
| 2013-03-10 | 621.381 D J L | 2012-04-20 | المكتبة المركزية بالمجمعة (CL) | 00084361 | المكتبة المركزية بالمجمعة (CL) | 2013-03-10 | كتاب | Dewey Decimal Classification | ||||
| 2013-03-10 | 621.381 D J L | 2012-04-20 | المكتبة المركزية بالمجمعة (CL) | 00084362 | المكتبة المركزية بالمجمعة (CL) | 2013-03-10 | كتاب | Dewey Decimal Classification |
